000 01346nam a2200361 i 4500
001 60278
003 CO-BoRNBP
005 20260120161137.0
007 ta
008 221113r20252014ck a br 000 j spa d
020 _a9789583045332
040 _aCO-BoRNBP
_bspa
_erda
_cCO-BoRNBP
041 0 _aspa
043 _as-ck---
084 _aA
100 1 _aDipacho,
_d1984- ,
_eaut
_eill
245 1 3 _aEl animal más feroz /
_cautor e ilustrador Dipacho.
250 _aPrimera edición.
_bDecimotercera reimpresión
264 1 _aBogotá, Colombia :
_bPanamericana Editorial,
_c2014,
_c2025
300 _a28 páginas sin numerar :
_bilustraciones a color ;
_c22 cm.
336 _atexto
_btxt
_2rdacontent
337 _asin mediación
_bn
_2rdamedia
338 _avolumen
_bnc
_2rdacarrier
500 _aDipacho es el seudónimo de Diego Francisco Sánchez.
500 _aEl material correspondiente a la dotación PNLB 2022, corresponde a la séptima reimpresión de 2022.
521 1 _aRecomendado para un público infantil mayor de 6 años.
650 1 7 _aÁlbumes infantiles colombianos
_2rnbp
650 1 7 _aLiteratura infantil colombiana
_2rnbp
_934
650 1 7 _aValentía en la literatura.
_2rnbp
_92444
650 1 7 _aAnimales en la literatura
_2rnbp
_9853
650 1 7 _aLibros ilustrados para niños
_2rnbp
_92001
942 _cBKLITI
_n0
_2loc
999 _c60278
_d60278